000 00635nam a2200241Ia 4500
003 OSt
005 20221007101141.0
006 a|||||r|||| 00| 0
007 ta
008 221006b |||||||| |||| 00| 0 eng d
024 _a5,932
037 _cTextual
040 _aLCO
_cLCO
_beng
041 _2eng
_aeng
082 _aW6:12, K8
100 _aMILLER LEONARD G
_9702657
245 0 _aDouble Jeopardy & The Federal System.
260 _aChicago
_bUniversity Press
_c1968
300 _a152
650 _aFEDERAL SYSTEM
_9702658
942 _hW6:12, K8
_cTEXL
999 _c1175495
_d1175495